LEADER 01161nas 2200385-a 450 001 996218772703316 005 20160502031917.6 011 $a1035-9060 035 $a(OCoLC)191685971 035 $a(CKB)1000000000284919 035 $a(CONSER)--2008263089 035 $a(EXLCZ)991000000000284919 100 $a20080129a19899999 sa- - 101 0 $aeng 135 $aur||||||||||| 181 $ctxt$2rdacontent 182 $cc$2rdamedia 183 $acr$2rdacarrier 200 10$aAnnual report 210 $aCanberra $cAustralian Govt. Pub. Service 606 $aDomestic relations courts$zAustralia$vPeriodicals 606 $aDomestic relations$zAustralia$vPeriodicals 606 $aDomestic relations$2fast$3(OCoLC)fst00896646 606 $aDomestic relations courts$2fast$3(OCoLC)fst00896696 607 $aAustralia$2fast 608 $aPeriodicals.$2fast 608 $aRules.$2fast 615 0$aDomestic relations courts 615 0$aDomestic relations 615 7$aDomestic relations. 615 7$aDomestic relations courts. 906 $aJOURNAL 912 $a996218772703316 996 $aAnnual report$9162222 997 $aUNISA LEADER 01743nam 2200565 450 001 9910160333803321 005 20200520144314.0 010 $a0-88755-534-9 010 $a0-88755-536-5 035 $a(CKB)3710000001025544 035 $a(MiAaPQ)EBC4800080 035 $a(MiAaPQ)EBC5220841 035 $a(Au-PeEL)EBL5220841 035 $a(CaPaEBR)ebr11511305 035 $a(OCoLC)972292945 035 $a(EXLCZ)993710000001025544 100 $a20180228h20162016 uy 0 101 0 $aeng 135 $aurcnu|||||||| 181 $2rdacontent 182 $2rdamedia 183 $2rdacarrier 200 10$aFrom the tundra to the trenches /$fEddy Weetaltuk ; edited and with a foreword by Thibault Martin ; introduction by Isabelle St-Amand 210 1$aWinnipeg, Manitoba :$cUniversity of Manitoba Press,$d2016. 210 4$dİ2016 215 $a1 online resource (279 pages) $ccolor illustrations, photographs 225 1 $aFirst Voices, First Texts ;$v4 311 $a0-88755-822-4 320 $aIncludes bibliographical references. 410 0$aFirst voices, first texts ;$v4. 606 $aInuit 606 $aInuit$zCanada$vBiography 606 $aKorean War, 1950-1953$zCanada$vBiography 606 $aSoldiers$zCanada$vBiography 608 $aElectronic books. 615 0$aInuit. 615 0$aInuit 615 0$aKorean War, 1950-1953 615 0$aSoldiers 676 $a998.0049712 700 $aWeetaltuk$b Eddy$0922348 702 $aMartin$b Thibault$f1963- 702 $aSt-Amand$b Isabelle 801 0$bMiAaPQ 801 1$bMiAaPQ 801 2$bMiAaPQ 906 $aBOOK 912 $a9910160333803321 996 $aFrom the tundra to the trenches$92069635 997 $aUNINA